000 03121cas a2200709 a 4500
001 11259680
003 OSt
005 20230704110237.0
008 791214c19789999nyuar bi 0 a0eng c
010 _a 82642048
015 _aGB8211811
_2bnb
016 _a(AMICUS)000003239283
016 7 _a015542310
_2Uk
016 _a015542310
022 0 _a0732-6610
_l0732-6610
_21
035 _a(OCoLC)ocm05796565
040 _aDRB
_beng
_cDRB
_dDLC
_dNSD
_dNST
_dNSD
_dNST
_dNSD
_dDLC
_dNST
_dOCL
_dNST
_dHUL
_dNST
_dOCL
_dNST
_dIUL
_dNST
_dHUL
_dNST
_dDLC
_dWAU
_dNST
_dIUL
_dSYS
_dGUA
_dOCLCQ
_dZCU
_dCUS
_dNSD
_dZNL
_dOCLCQ
_dZAD
_dUKMGB
_dMYG
_dTULIB
_dCUI
_dOCLCQ
_dCLU
_dWAU
_dOCLCF
_dYDXCP
_dOCLCO
_dOCLCQ
_dYDX
_dNLC
_dMNS
_dOCLCQ
_dGILDS
_dOCLCO
_dOCLCQ
_dOCL
_dCPO
_dOCLCQ
_dZQP
_dOCLCO
_dZHC
_dIUL
_dOCLCQ
_dPWQ
042 _apcc
_ansdp
050 0 0 _aJC571
_b.F66
050 1 4 _aK3240.4
_b.G37
082 0 4 _a341.4
_219
_bGAS
210 0 _aFreedom world
222 0 _aFreedom in the world
245 0 0 _aFreedom in the world /
_cRaymond D. Gastil.
246 1 _aSurvey of political rights & civil liberties
246 1 _aSurvey of political rights and civil liberties
246 1 3 _aAnnual survey of political rights and civil liberties
246 1 3 _aAnnual survey of political rights & civil liberties
260 _aNew York :
_bFreedom House,
_c1983-84
300 _avolumes :
_bmap ;
_c25 cm
310 _aAnnual
336 _atext
_btxt
_2rdacontent
337 _aunmediated
_bn
_2rdamedia
338 _avolume
_bnc
_2rdacarrier
362 0 _a1978-
504 _aIncludes bibliographical references and index.
530 _aAlso issued online.
588 1 _a2012.
590 _aSERBIB/SERLOC merged record
650 0 _aCivil rights
_vPeriodicals.
650 0 _aPolitical rights
_vPeriodicals.
650 7 _acivil rights.
_2eurovocen
650 7 _arights of the individual.
_2eurovocen
650 7 _apolitical rights.
_2eurovocen
650 7 _adroits civiques.
_2eurovocfr
650 7 _adroit de l'individu.
_2eurovocfr
650 7 _adroits politiques.
_2eurovocfr
650 7 _aCivil rights.
_2fast
_0(OCoLC)fst00862627
650 7 _aPolitical rights.
_2fast
_0(OCoLC)fst01069715
655 7 _aYearbooks.
_2fast
_0(OCoLC)fst01424368
655 7 _aPeriodicals.
_2fast
_0(OCoLC)fst01411641
655 7 _aYearbooks.
_2lcgft
655 7 _aPeriodicals.
_2lcgft
775 0 8 _iBritish edition:
_tFreedom in the world (Oxford, England)
_w(DLC)sn 83004533
_w(OCoLC)10034105
776 0 8 _iOnline version:
_tFreedom in the world
_w(DLC) 2004255113
_w(OCoLC)48991040
906 _a7
_bcbc
_cserials
_d2
_encip
_f19
_gn-oclcserc
942 _2ddc
_cBK
999 _c3696
_d3696